000 00911nam a2200277 a 4500
005 20200104041514.0
008 140221b1994 -Ukad gr|||| 00| 0 eng d
020 _a2831701198
040 _aCO-BoIAVH
_cCO-BoIAVH
041 _aeng
044 _axxk
082 4 _a344.046
_bM16p
110 _bUnión Internacional para la Conservación de la Naturaleza y los Recursos Naturales
_96761
100 1 _989
_aMcNeely, Jeffrey A.
245 1 _aProtecting nature regional reviews of protected areas
260 _aCambridge
_bIUCN
_c1994
300 _a402 pagina.
_bilustraciones, graficos;
_c30 x 21 cm
650 4 _aAreas protegidas
_978
650 4 _aParques nacionales naturales
_950927
650 4 _aEcosistemas marinos
_950928
650 4 _aEcosistemas costeros
_950929
650 4 _aEcosistemas terrestres
_950930
700 1 _aHarrison, J.
_98812
700 1 _aDingwall, P.
_98813
942 _cLIBRO
_2ddc
_01
999 _c711
_d711